Marge vs. the Monorail Quiz Stats

 Plays Quiz Updated Aug 21, 2012

Also try: Deep Space Homer
Challenge
Share
Tweet
Embed
Score 0/24 Timer 06:00
0 Plays Today
Question/Clue Answer % Correct
At the conclusion of the Monorail Conducting Class, the chalkboard reads ''Mono = _____''One
83.9%
True or False: you can get mono from riding the monorail.False
82.3%
And ''Rail = ____''Rail
75.8%
What TV personality wrote and co-produced this episode?Conan O'Brien
61.3%
Homer, after the monorail finally stops: ''______. Is there anything they can’t do?''Donuts
60.6%
What is the first thing Homer considers using as an anchor to stop the monorail?Bart
58.7%
''Do you wanna change your name to Homer Junior? The kids can call you _____!''Hoju
58%
Who says “The ring came off my pudding can” during the Monorail Song?Chief Wiggum
57.3%
What does Homer call the large possum living in the Monorail’s fire extinguisher panel?Bitey
55%
Bart thinks the town should spend the money on an army of giant mechanical ______.Ants
49.4%
What animated TV show’s intro is parodied at the beginning of this episode?The Flintstones
43.8%
Name one of the other follies that Marge says the people of Springfield embarked upon after the monorail.popsicle stick skyscraper, fifty-foot magnifying glass, escalator to nowhere
42.3%
Question/Clue Answer % Correct
What does Nimoy say after he prevents Krusty the Clown from throwing himself off the monorail?''The world needs laughter''
40.6%
What is the name of the charming salesman (voiced by Phil Hartman) who mysteriously shows up at the town meeting?Lyle Lanley
40.1%
What does Mr. Burns call himself at the town meeting (wearing a giant mustache)?Mr. Snrub
39.2%
What does Mayor Quimby say to Leonard Nimoy that prompts Nimoy to say ''Do you even know who I am?''''May the Force be with you''
38%
Nimoy: ''A solar eclipse. The cosmic ______ goes on.''ballet
37.1%
''You know, a town with money is a little like the mule with a ___________.'' Spinning Wheel
37%
What is Chief Wiggum supposed to get every month, as he discovers in the town charter?A pig, and ''two comely lasses of virtue true''
35.8%
What is the name of the builder/scientist Marge meets in North Haverbrook? (OR Who does Homer think he is when Marge describes him?)Sebastian Cobb (or Batman)
32.7%
How much money does Mr. Burns have to pay the city after dumping nuclear waste in the park?$3,000,000
31%
What else does Mr. Burns decide to buy while paying his fine at the courthouse?Statue of Justice
29.2%
Where does he claim to come from?Some place far away
21.5%
Who was the celebrity on the disastrous maiden voyage of the North Haverbrook monorail?Gallagher
10.8%

You're not logged in!

Compare scores with friends on all Sporcle quizzes.
Join for Free
OR
Log In

You Might Also Like...

Show Comments

Extras

Top Quizzes Today


Score Distribution

Your Account Isn't Verified!

In order to create a playlist on Sporcle, you need to verify the email address you used during registration. Go to your Sporcle Settings to finish the process.

Report this User

Report this user for behavior that violates our Community Guidelines.

Details: